Після бурі (Запис № 375836)

МАРК-запис
000 -Лідер
fixed length control field 00562nam a22002417a 4500
003 - Ідентифікатор контрольного номера
control field UA-OsUOA
001 - Контрольний номер
control field 89544
007 - Фіксоване поле фізичного опису
fixed length control field ta
008 - Елементи даних фіксованої довжини – загальна інформація
fixed length control field 20121107b un ||||| |||| 00| 0 ukr d
090 ## - Локальний шифр розміщення
Класифікаційний індекс УДК 821.161.2
Авторський знак (НП) З - 22
040 ## - Джерело каталогізації
Агенція оригінальної каталогізації UA-OsUOA
Мова каталогізації ukr
Агенція, яка здійснювала перезапис UA-OsUOA
Агенція, яка здійснювала модифікацію UA-OsUOA
041 ## - Код мови
Код мови тексту/ звукової доріжки чи окремого заголовка (П) ukr
080 ## - Індекс Універсальної десяткової класифікації
Індекс Універсальної десяткової класифікації (УДК) (НП) 821.161.2
100 ## - Основне введення – ім’я особи
Ім’я особи (НП) Залигін С.
245 ## - Відомості про назву
Назва (НП) Після бурі
Решта назви (НП) роман
260 ## - Публікація, розповсюдження і т.п. (Вихідні дані)
Місце публікації, розповсюдження і т.п. (П) К.
Ім’я/ наймення видавництва, розповсюджувача і т.п. (П) Дніпро
Дата публікації, розповсюдження і т.п. (П) 1989
246 31 - Інша форма назви
Назва (НП) Книга перша
Номер частини/ розділ роботи (П)
300 ## - Фізичний опис
Обсяг 367 с.
650 #7 - Додаткове предметне введення – тематичний термін
Джерело заголовка чи терміна UDC
942 ## - Додаткові елементи входу (Коха)
Тип елемента Koha Книги
955 ## - Код типу видання за змістом
Код типу видання за змістом (НП) Літературно-художні видання
Фонди
Стан вилучень Стан втрат Джерело класифікації або схеми стелажів Стан уражень Не для кредиту Постійне місце розташування Поточне розміщення Дата придбання Інвентарний номер Усього замовленно Повний номер виклику Штрих-код Дата останнього перегляду Ціна ефективна від Тип елемента Koha
    Universal Decimal Classification     АБ - Абонемент НБ АБ - Абонемент НБ 07/11/2012 2695   821.161.2 З - 22 2695 23/03/2022 07/11/2012 Книги
    Universal Decimal Classification     АБ - Абонемент НБ АБ - Абонемент НБ 26/02/2013 42585   821.161.2 З - 22 42585 18/04/2022 07/11/2012 Книги
    Universal Decimal Classification     АБ - Абонемент НБ АБ - Абонемент НБ 07/11/2012 42979   821.161.2 З - 22 42979 23/03/2022 07/11/2012 Книги